[Event "DEM U14 2019"]
[Site "Willingen GER"]
[Date "2019.06.12"]
[Round "6"]
[White "Weidenhöfer, Max"]
[Black "Sinnhöfer, Joshua"]
[Result "1/2-1/2"]
[Termination "normal"]
[Board "18"]
[WhiteElo "1787"]
[BlackElo "1466"]
[WhiteClock "00:03:04"]
[BlackClock "01:01:54"]
[PlyCount "62"]
[WhiteFideId "16230566"]
[BlackFideId "16201361"]
[EventCountry "GER"]
[EventRounds "9"]
[EventType "swiss"]
[EventDate "2019.06.08"]

1. e4 {[%clk 1:30:57]} 1... c5 {[%clk 1:29:29]} 2. Nf3 {[%clk 1:31:21]} 2...
Nc6 {[%clk 1:29:55]} 3. d4 {[%clk 1:31:44]} 3... cxd4 {[%clk 1:30:19]} 4. Nxd4
{[%clk 1:32:07]} 4... Nf6 {[%clk 1:30:33]} 5. Nc3 {[%clk 1:32:28]} 5... e5 {
[%clk 1:30:36]} 6. Ndb5 {[%clk 1:32:51]} 6... d6 {[%clk 1:29:39]} 7. Bg5 {
[%clk 1:32:36]} 7... Be7 {[%clk 1:29:30]} 8. Bxf6 {[%clk 1:32:21]} 8... Bxf6 {
[%clk 1:28:43]} 9. Nd5 {[%clk 1:32:44]} 9... O-O {[%clk 1:28:42]} 10. Nxf6+ {
[%clk 1:30:12]} 10... Qxf6 {[%clk 1:27:34]} 11. Qxd6 {[%clk 1:26:09]} 11... Qh4
{[%clk 1:24:15]} 12. Bd3 {[%clk 1:14:41]} 12... Rd8 {[%clk 1:23:33]} 13. Qc5 {
[%clk 1:09:09]} 13... Qg5 {[%clk 1:21:21]} 14. Kf1 {[%clk 0:48:03]} 14... Bd7 {
[%clk 1:13:06]} 15. Qe3 {[%clk 0:37:07]} 15... Qxe3 {[%clk 1:13:05]} 16. fxe3 {
[%clk 0:37:30]} 16... Nb4 {[%clk 1:13:24]} 17. Nc3 {[%clk 0:37:45]} 17... Nxd3
{[%clk 1:12:30]} 18. cxd3 {[%clk 0:38:14]} 18... Bg4 {[%clk 1:12:24]} 19. h3 {
[%clk 0:38:13]} 19... Bh5 {[%clk 1:12:45]} 20. g4 {[%clk 0:38:32]} 20... Bg6 {
[%clk 1:13:09]} 21. Ke2 {[%clk 0:38:47]} 21... Rd6 {[%clk 1:13:02]} 22. Rhd1 {
[%clk 0:38:05]} 22... Rad8 {[%clk 1:13:17]} 23. Rd2 {[%clk 0:38:16]} 23... f6 {
[%clk 1:13:15]} 24. Rad1 {[%clk 0:37:47]} 24... h5 {[%clk 1:10:55]} 25. Kf3 {
[%clk 0:32:25]} 25... h4 {[%clk 1:08:26]} 26. d4 {[%clk 0:27:31]} 26... Kf7 {
[%clk 1:07:40]} 27. d5 {[%clk 0:15:26]} 27... a6 {[%clk 1:06:47]} 28. Rc1 {
[%clk 0:13:54]} 28... Rc8 {[%clk 1:06:45]} 29. Rdc2 {[%clk 0:13:46]} 29... Ke7
{[%clk 1:06:24]} 30. Rd2 {[%clk 0:08:57]} 30... Rc4 {[%clk 1:02:23]} 31. Rdc2 {
[%clk 0:03:04]} 31... Kd7 {[%clk 1:01:54]} 1/2-1/2

[Event "DEM U14 2019"]
[Site "Willingen GER"]
[Date "2019.06.12"]
[Round "6"]
[White "Rockmann, Enno"]
[Black "Breß, Aaron"]
[Result "0-1"]
[Termination "normal"]
[Board "19"]
[WhiteElo "1527"]
[BlackElo "1849"]
[WhiteClock "01:16:08"]
[BlackClock "00:01:06"]
[PlyCount "132"]
[WhiteFideId "12982920"]
[BlackFideId "12996432"]
[EventCountry "GER"]
[EventRounds "9"]
[EventType "swiss"]
[EventDate "2019.06.08"]

1. e4 {[%clk 1:30:59]} 1... c6 {[%clk 1:30:44]} 2. d4 {[%clk 1:31:24]} 2... d5
{[%clk 1:31:08]} 3. exd5 {[%clk 1:31:51]} 3... cxd5 {[%clk 1:31:27]} 4. c4 {
[%clk 1:32:18]} 4... Nf6 {[%clk 1:31:48]} 5. Nc3 {[%clk 1:32:44]} 5... Nc6 {
[%clk 1:32:01]} 6. cxd5 {[%clk 1:32:03]} 6... Nxd5 {[%clk 1:29:52]} 7. Bc4 {
[%clk 1:28:19]} 7... Nb6 {[%clk 1:29:43]} 8. Bb5 {[%clk 1:28:45]} 8... a6 {
[%clk 1:30:02]} 9. Bxc6+ {[%clk 1:27:12]} 9... bxc6 {[%clk 1:30:21]} 10. Nf3 {
[%clk 1:27:14]} 10... Bg4 {[%clk 1:29:53]} 11. O-O {[%clk 1:27:30]} 11... e6 {
[%clk 1:26:14]} 12. Qd3 {[%clk 1:23:58]} 12... Bf5 {[%clk 1:16:38]} 13. Qe2 {
[%clk 1:23:34]} 13... Be7 {[%clk 1:15:33]} 14. Ne5 {[%clk 1:23:26]} 14... Qc7 {
[%clk 1:01:08]} 15. Bf4 {[%clk 1:21:20]} 15... Bd6 {[%clk 0:58:31]} 16. Qf3 {
[%clk 1:19:47]} 16... O-O {[%clk 0:52:00]} 17. Ne2 {[%clk 1:17:33]} 17... Nd5 {
[%clk 0:49:45]} 18. Rac1 {[%clk 1:15:41]} 18... Nxf4 {[%clk 0:45:19]} 19. Nxf4
{[%clk 1:16:03]} 19... Bxe5 {[%clk 0:45:24]} 20. dxe5 {[%clk 1:15:42]} 20...
Qxe5 {[%clk 0:45:48]} 21. b3 {[%clk 1:13:27]} 21... Rac8 {[%clk 0:27:31]} 22.
Rfe1 {[%clk 1:12:51]} 22... Qa5 {[%clk 0:25:17]} 23. Re2 {[%clk 1:11:53]} 23...
Rfd8 {[%clk 0:24:35]} 24. g4 {[%clk 1:11:22]} 24... Bg6 {[%clk 0:22:49]} 25.
Rxc6 {[%clk 1:11:32]} 25... Rxc6 {[%clk 0:20:15]} 26. Qxc6 {[%clk 1:11:58]}
26... Qg5 {[%clk 0:19:04]} 27. Rd2 {[%clk 1:04:24]} 27... a5 {[%clk 0:05:05]}
28. Qb5 {[%clk 1:01:27]} 28... Qxg4+ {[%clk 0:04:12]} 29. Kf1 {[%clk 1:01:49]}
29... Rc8 {[%clk 0:03:46]} 30. Qc5 {[%clk 1:00:20]} 30... e5 {[%clk 0:02:16]}
31. Qc7 {[%clk 0:59:24]} 31... h6 {[%clk 0:01:29]} 32. Rd8+ {[%clk 0:59:48]}
32... Rxd8 {[%clk 0:01:45]} 33. Qxd8+ {[%clk 1:00:14]} 33... Kh7 { [%clk
0:02:02]} 34. Nxg6 {[%clk 1:00:07]} 34... Qxg6 {[%clk 0:02:02]} 35. Qxa5 {[%clk
1:00:28]} 35... Qd3+ {[%clk 0:01:59]} 36. Kg2 {[%clk 1:00:39]} 36... Qe4+
{[%clk 0:02:06]} 37. Kf1 {[%clk 1:01:01]} 37... Qh1+ {[%clk 0:02:12]} 38. Ke2
{[%clk 1:01:25]} 38... Qxh2 {[%clk 0:02:28]} 39. Qd5 {[%clk 1:01:50]} 39... Qf4
{[%clk 0:02:05]} 40. Qd3+ {[%clk 1:02:11]} 40... e4 {[%clk 0:02:11]} 41. Qe3
{[%clk 1:02:24]} 41... Qg4+ {[%clk 0:29:51]} 42. Kf1 {[%clk 1:31:21]} 42... h5
{[%clk 0:26:07]} 43. Qg3 {[%clk 1:26:38]} 43... Qf5 {[%clk 0:24:51]} 44. a4
{[%clk 1:26:06]} 44... g5 {[%clk 0:24:23]} 45. b4 {[%clk 1:24:49]} 45... h4 {
[%clk 0:24:35]} 46. Qg2 {[%clk 1:23:40]} 46... Qd5 {[%clk 0:15:29]} 47. Qg4 {
[%clk 1:23:17]} 47... Kh6 {[%clk 0:15:49]} 48. Qe2 {[%clk 1:22:20]} 48... f5 {
[%clk 0:03:37]} 49. a5 {[%clk 1:20:31]} 49... Qd4 {[%clk 0:01:51]} 50. a6 {
[%clk 1:17:54]} 50... f4 {[%clk 0:01:20]} 51. Qa2 {[%clk 1:13:04]} 51... Qd1+ {
[%clk 0:00:49]} 52. Kg2 {[%clk 1:13:21]} 52... Qd8 {[%clk 0:00:41]} 53. Qe6+ {
[%clk 1:13:33]} 53... Kh5 {[%clk 0:00:57]} 54. Qxe4 {[%clk 1:12:58]} 54... Qd7
{[%clk 0:00:51]} 55. f3 {[%clk 1:14:20]} 55... Qd2+ {[%clk 0:00:48]} 56. Kh3 {
[%clk 1:14:40]} 56... Qd7+ {[%clk 0:01:08]} 57. Kg2 {[%clk 1:14:58]} 57... Qd2+
{[%clk 0:01:11]} 58. Kf1 {[%clk 1:15:21]} 58... Qd1+ {[%clk 0:01:23]} 59. Kf2 {
[%clk 1:15:36]} 59... Qd2+ {[%clk 0:01:22]} 60. Qe2 {[%clk 1:15:51]} 60... Qd4+
{[%clk 0:01:37]} 61. Kg2 61... Qxb4 {[%clk 0:01:49]} 62. Qe8+ {[%clk 1:15:28]}
62... Kh6 {[%clk 0:02:12]} 63. a7 {[%clk 1:15:40]} 63... Qb2+ {[%clk 0:01:31]}
64. Kh3 {[%clk 1:15:40]} 64... g4+ {[%clk 0:01:22]} 65. fxg4 {[%clk 1:15:53]}
65... Qa3+ {[%clk 0:01:06]} 66. Kxh4 {[%clk 1:16:08]} 66... Qg3# 0-1

[Event "DEM U14 2019"]
[Site "Willingen GER"]
[Date "2019.06.12"]
[Round "6"]
[White "Straub, Benno"]
[Black "Divry, Alexandre"]
[Result "0-1"]
[Termination "normal"]
[Board "22"]
[WhiteElo "1490"]
[BlackElo "1654"]
[PlyCount "114"]
[WhiteFideId "16255488"]
[BlackFideId "16286006"]
[EventCountry "GER"]
[EventRounds "9"]
[EventType "swiss"]
[EventDate "2019.06.08"]

1. e4 e6 2. d4 d5 3. e5 c5 4. Nf3 Nc6 5. Be3 Bd7 6. c3 cxd4 7. Bxd4 Nge7 8.
Nbd2 Nf5 9. Nb3 Nfxd4 10. Nbxd4 Qb6 11. Qb3 Nxd4 12. Nxd4 Qc7 13. Nf3 g6 14.
Bb5 Bc6 15. O-O Rb8 16. Nd4 a6 17. Nxc6 bxc6 18. Bxc6+ Kd8 19. Qa4 Rb6 20. Ba8
Qc8 21. Qa5 Kc7 22. c4 Bb4 23. Qa4 Qxa8 24. cxd5 Qxd5 25. Rac1+ Kb7 26. Rfd1
Qb5 27. Rd7+ Ka8 28. Qxb5 Rxb5 29. Rcc7 Bc5 30. b3 Bb6 31. Rc6 Rc5 32. Rxc5
Bxc5 33. Rxf7 Rf8 34. Rxf8+ Bxf8 35. f4 Kb7 36. Kf2 Kc6 37. g4 Kd5 38. Ke3 Bc5+
39. Kd3 Bg1 40. h3 a5 41. a3 Bc5 42. a4 Bg1 43. h4 Bf2 44. h5 gxh5 45. gxh5 Kc5
46. Ke4 Kb4 47. f5 exf5+ 48. Kxf5 Kxb3 49. e6 Bh4 50. Ke5 Kxa4 51. Kd6 Kb3 52.
e7 Bxe7+ 53. Kxe7 a4 54. Kf7 a3 55. Kg7 a2 56. Kxh7 a1=Q 57. h6 Qf6 0-1

[Event "DEM U14 2019"]
[Site "Willingen GER"]
[Date "2019.06.13"]
[Round "7"]
[White "Bethke, Richard"]
[Black "Colbow, Collin"]
[Result "1-0"]
[Termination "normal"]
[Board "2"]
[WhiteElo "2246"]
[BlackElo "2169"]
[WhiteClock "00:27:17"]
[BlackClock "00:18:54"]
[PlyCount "95"]
[WhiteFideId "12959243"]
[BlackFideId "16201132"]
[EventCountry "GER"]
[EventRounds "9"]
[EventType "swiss"]
[EventDate "2019.06.08"]

1. e4 {[%clk 1:30:56]} 1... c5 {[%clk 1:30:54]} 2. Nf3 {[%clk 1:30:53]} 2... d6
{[%clk 1:31:17]} 3. d4 {[%clk 1:31:17]} 3... cxd4 {[%clk 1:31:44]} 4. Nxd4 {
[%clk 1:31:39]} 4... Nf6 {[%clk 1:32:12]} 5. Nc3 {[%clk 1:32:00]} 5... Nc6 {
[%clk 1:31:25]} 6. Bg5 {[%clk 1:27:49]} 6... e6 {[%clk 1:31:28]} 7. Qd2 { [%clk
1:27:28]} 7... Qb6 {[%clk 1:31:29]} 8. Nb3 {[%clk 1:18:13]} 8... a6 { [%clk
1:27:47]} 9. f4 {[%clk 1:17:16]} 9... Qc7 {[%clk 1:23:33]} 10. O-O-O { [%clk
1:16:27]} 10... b5 {[%clk 1:22:37]} 11. a3 {[%clk 1:08:27]} 11... Rb8 { [%clk
1:21:35]} 12. Kb1 {[%clk 1:02:32]} 12... b4 {[%clk 1:20:55]} 13. axb4 { [%clk
1:02:37]} 13... Rxb4 {[%clk 1:20:08]} 14. Bxf6 {[%clk 0:58:10]} 14... gxf6
{[%clk 1:20:17]} 15. f5 {[%clk 0:57:44]} 15... h5 {[%clk 1:12:59]} 16. fxe6
{[%clk 0:56:46]} 16... fxe6 {[%clk 1:12:41]} 17. g3 {[%clk 0:56:51]} 17... Be7
{[%clk 0:59:04]} 18. Bh3 {[%clk 0:55:18]} 18... a5 {[%clk 0:57:04]} 19. Na2
{[%clk 0:45:33]} 19... Rxe4 {[%clk 0:52:01]} 20. Bg2 {[%clk 0:40:29]} 20... Ra4
{[%clk 0:42:45]} 21. Nc3 {[%clk 0:36:41]} 21... Rb4 {[%clk 0:42:56]} 22. Qd3 {
[%clk 0:29:47]} 22... Ne5 {[%clk 0:34:05]} 23. Nb5 {[%clk 0:29:14]} 23... Qb6 {
[%clk 0:31:30]} 24. Nxd6+ {[%clk 0:29:20]} 24... Bxd6 {[%clk 0:31:44]} 25. Qxd6
{[%clk 0:28:55]} 25... Qxd6 {[%clk 0:29:54]} 26. Rxd6 {[%clk 0:29:17]} 26...
Ke7 {[%clk 0:21:46]} 27. Rhd1 {[%clk 0:27:26]} 27... a4 {[%clk 0:19:00]} 28.
Na5 {[%clk 0:18:51]} 28... f5 {[%clk 0:15:27]} 29. Ka2 {[%clk 0:10:31]} 29...
Rb5 {[%clk 0:13:43]} 30. Nc6+ {[%clk 0:10:28]} 30... Nxc6 {[%clk 0:13:03]} 31.
Rxc6 {[%clk 0:10:48]} 31... h4 {[%clk 0:10:44]} 32. Rd4 {[%clk 0:09:29]} 32...
hxg3 {[%clk 0:10:41]} 33. hxg3 {[%clk 0:09:46]} 33... Kf6 {[%clk 0:09:45]} 34.
Rc7 {[%clk 0:08:36]} 34... Rg8 {[%clk 0:06:02]} 35. Bf1 {[%clk 0:05:55]} 35...
Ra5 {[%clk 0:05:58]} 36. Rd6 {[%clk 0:04:29]} 36... Ra8 {[%clk 0:04:53]} 37.
Bg2 {[%clk 0:04:04]} 37... Ra5 {[%clk 0:04:31]} 38. Rc3 {[%clk 0:02:19]} 38...
Ba6 {[%clk 0:02:29]} 39. Rcc6 {[%clk 0:01:59]} 39... Bc8 {[%clk 0:02:50]} 40.
Bf1 {[%clk 0:00:49]} 40... Re5 {[%clk 0:01:09]} 41. Bc4 {[%clk 0:28:20]} 41...
Re3 {[%clk 0:28:34]} 42. Rc7 {[%clk 0:27:40]} 42... f4 {[%clk 0:19:42]} 43.
gxf4 {[%clk 0:27:45]} 43... Rh3 {[%clk 0:18:21]} 44. Rxc8 {[%clk 0:25:42]}
44... Rxc8 {[%clk 0:18:46]} 45. Bxe6 {[%clk 0:26:07]} 45... Rd8 {[%clk 0:18:37]
} 46. Rxd8 {[%clk 0:26:31]} 46... Kxe6 {[%clk 0:19:00]} 47. Ra8 {[%clk 0:26:52]
} 47... Rh2 {[%clk 0:18:54]} 48. c3 {[%clk 0:27:17]} 1-0

[Event "DEM U14 2019"]
[Site "Willingen GER"]
[Date "2019.06.13"]
[Round "7"]
[White "Weihrauch, Jakob"]
[Black "Hetzner, Hannes"]
[Result "1-0"]
[Termination "normal"]
[Board "3"]
[WhiteElo "2158"]
[BlackElo "2001"]
[WhiteClock "00:26:15"]
[BlackClock "00:05:51"]
[PlyCount "63"]
[WhiteFideId "16210115"]
[BlackFideId "16211936"]
[EventCountry "GER"]
[EventRounds "9"]
[EventType "swiss"]
[EventDate "2019.06.08"]

1. e4 {[%clk 1:30:58]} 1... e6 {[%clk 1:30:55]} 2. d4 {[%clk 1:31:17]} 2... d5
{[%clk 1:31:18]} 3. Nc3 {[%clk 1:31:36]} 3... Bb4 {[%clk 1:31:43]} 4. e5 {
[%clk 1:31:35]} 4... c5 {[%clk 1:32:04]} 5. Bd2 {[%clk 1:31:20]} 5... Ne7 {
[%clk 1:32:09]} 6. a3 {[%clk 1:31:06]} 6... Bxc3 {[%clk 1:28:46]} 7. Bxc3 {
[%clk 1:31:34]} 7... Nbc6 {[%clk 1:22:47]} 8. Nf3 {[%clk 1:30:49]} 8... cxd4 {
[%clk 1:16:20]} 9. Bxd4 {[%clk 1:31:12]} 9... Nf5 {[%clk 1:10:14]} 10. Bc3 {
[%clk 1:31:15]} 10... d4 {[%clk 1:06:57]} 11. Bd2 {[%clk 1:31:39]} 11... f6 {
[%clk 1:00:49]} 12. Bd3 {[%clk 1:27:29]} 12... O-O {[%clk 0:54:03]} 13. Qe2 {
[%clk 1:24:45]} 13... Qc7 {[%clk 0:45:42]} 14. O-O-O {[%clk 1:17:56]} 14... Bd7
{[%clk 0:40:09]} 15. Bxf5 {[%clk 1:16:31]} 15... exf5 {[%clk 0:40:27]} 16. Qc4+
{[%clk 1:16:54]} 16... Kh8 {[%clk 0:39:40]} 17. e6 {[%clk 1:16:49]} 17... b5 {
[%clk 0:35:39]} 18. Qc5 {[%clk 1:10:35]} 18... Bxe6 {[%clk 0:31:09]} 19. Nxd4 {
[%clk 1:10:57]} 19... Bd7 {[%clk 0:30:19]} 20. Nxb5 {[%clk 1:09:10]} 20... Qb7
{[%clk 0:25:46]} 21. Nd6 {[%clk 1:06:51]} 21... Qa6 {[%clk 0:25:30]} 22. Qb5 {
[%clk 0:59:10]} 22... Qxb5 {[%clk 0:24:05]} 23. Nxb5 {[%clk 0:59:38]} 23... Ne5
{[%clk 0:23:33]} 24. Nc7 {[%clk 0:55:37]} 24... Rac8 {[%clk 0:18:32]} 25. Bb4 {
[%clk 0:55:50]} 25... Rf7 {[%clk 0:17:25]} 26. Nd5 {[%clk 0:53:34]} 26... Ba4 {
[%clk 0:13:50]} 27. Rd2 {[%clk 0:45:23]} 27... Rd7 {[%clk 0:09:32]} 28. Bc3 {
[%clk 0:37:48]} 28... Bc6 {[%clk 0:07:11]} 29. Rhd1 {[%clk 0:30:39]} 29... Rcd8
{[%clk 0:05:46]} 30. Ba5 {[%clk 0:27:30]} 30... Nc4 {[%clk 0:05:26]} 31. Bxd8 {
[%clk 0:27:29]} 31... Nxd2 {[%clk 0:05:51]} 32. Nb4 {[%clk 0:26:15]} 1-0

[Event "DEM U14 2019"]
[Site "Willingen GER"]
[Date "2019.06.13"]
[Round "7"]
[White "Lutz, Ruben"]
[Black "Arakelian, Aik"]
[Result "1/2-1/2"]
[Termination "normal"]
[Board "5"]
[WhiteElo "2055"]
[BlackElo "1911"]
[WhiteClock "00:09:56"]
[BlackClock "00:41:56"]
[PlyCount "48"]
[WhiteFideId "12975974"]
[BlackFideId "16220340"]
[EventCountry "GER"]
[EventRounds "9"]
[EventType "swiss"]
[EventDate "2019.06.08"]

1. d4 {[%clk 1:30:55]} 1... g6 {[%clk 1:30:37]} 2. Bf4 {[%clk 1:30:38]} 2... d6
{[%clk 1:30:56]} 3. Nf3 {[%clk 1:27:22]} 3... Bg7 {[%clk 1:30:54]} 4. c3 {
[%clk 1:26:05]} 4... Nd7 {[%clk 1:30:24]} 5. e4 {[%clk 1:21:24]} 5... e5 {
[%clk 1:28:58]} 6. dxe5 {[%clk 1:21:10]} 6... dxe5 {[%clk 1:29:14]} 7. Bg3 {
[%clk 1:20:34]} 7... Qe7 {[%clk 1:27:54]} 8. Nbd2 {[%clk 1:18:57]} 8... Ngf6 {
[%clk 1:26:56]} 9. h3 {[%clk 0:59:14]} 9... O-O {[%clk 1:22:51]} 10. Bc4 {
[%clk 0:58:53]} 10... h6 {[%clk 1:16:35]} 11. O-O {[%clk 0:53:32]} 11... Kh7 {
[%clk 1:13:09]} 12. Re1 {[%clk 0:52:24]} 12... Nh5 {[%clk 1:07:25]} 13. Bh2 {
[%clk 0:51:33]} 13... Nb6 {[%clk 1:01:29]} 14. Bf1 {[%clk 0:48:22]} 14... Bf6 {
[%clk 0:59:39]} 15. a4 {[%clk 0:46:37]} 15... a5 {[%clk 0:58:07]} 16. Nc4 {
[%clk 0:41:39]} 16... Nxc4 {[%clk 0:53:49]} 17. Bxc4 {[%clk 0:42:04]} 17... Be6
{[%clk 0:54:02]} 18. Qb3 {[%clk 0:39:48]} 18... Bxc4 {[%clk 0:51:21]} 19. Qxc4
{[%clk 0:40:10]} 19... Ng7 {[%clk 0:51:36]} 20. Rad1 {[%clk 0:34:32]} 20... c6
{[%clk 0:48:40]} 21. Re3 {[%clk 0:26:53]} 21... Rfd8 {[%clk 0:44:36]} 22. Red3
{[%clk 0:26:50]} 22... Rxd3 {[%clk 0:44:49]} 23. Qxd3 {[%clk 0:15:01]} 23...
Qc5 {[%clk 0:41:56]} 24. Qe3 {[%clk 0:09:56]} 24... Qe7 1/2-1/2

[Event "DEM U14 2019"]
[Site "Willingen GER"]
[Date "2019.06.13"]
[Round "7"]
[White "Musiolik, David"]
[Black "Röhr, Oliver"]
[Result "1/2-1/2"]
[Termination "normal"]
[Board "6"]
[WhiteElo "2132"]
[BlackElo "1960"]
[WhiteClock "00:03:08"]
[BlackClock "00:03:17"]
[PlyCount "99"]
[WhiteFideId "12972355"]
[BlackFideId "12987697"]
[EventCountry "GER"]
[EventRounds "9"]
[EventType "swiss"]
[EventDate "2019.06.08"]

1. e4 {[%clk 1:30:55]} 1... e5 {[%clk 1:30:56]} 2. Nf3 {[%clk 1:31:17]} 2...
Nc6 {[%clk 1:31:23]} 3. Bb5 {[%clk 1:31:25]} 3... a6 {[%clk 1:31:48]} 4. Ba4 {
[%clk 1:31:51]} 4... g6 {[%clk 1:31:53]} 5. O-O {[%clk 1:31:26]} 5... Bg7 {
[%clk 1:31:40]} 6. c3 {[%clk 1:30:56]} 6... b5 {[%clk 1:29:45]} 7. Bc2 { [%clk
1:30:17]} 7... d6 {[%clk 1:28:37]} 8. h3 {[%clk 1:24:17]} 8... Nf6 { [%clk
1:27:11]} 9. d4 {[%clk 1:22:03]} 9... O-O {[%clk 1:20:46]} 10. Re1 { [%clk
1:19:17]} 10... exd4 {[%clk 1:12:57]} 11. cxd4 {[%clk 1:16:57]} 11... Bb7
{[%clk 1:06:57]} 12. Nbd2 {[%clk 1:15:19]} 12... Nd7 {[%clk 0:53:16]} 13. Nf1 {
[%clk 1:09:42]} 13... Re8 {[%clk 0:49:34]} 14. Ng3 {[%clk 0:59:45]} 14... Nb6 {
[%clk 0:47:42]} 15. a3 {[%clk 0:54:13]} 15... Rc8 {[%clk 0:40:44]} 16. Re2 {
[%clk 0:39:52]} 16... Ne7 {[%clk 0:34:46]} 17. Bd2 {[%clk 0:29:20]} 17... c5 {
[%clk 0:32:48]} 18. Bc3 {[%clk 0:28:15]} 18... Nc6 {[%clk 0:28:16]} 19. Bb3 {
[%clk 0:19:46]} 19... Qe7 {[%clk 0:22:42]} 20. Kh1 {[%clk 0:14:57]} 20... h6 {
[%clk 0:17:18]} 21. Qd2 {[%clk 0:10:52]} 21... cxd4 {[%clk 0:16:26]} 22. Nxd4 {
[%clk 0:11:03]} 22... Nxd4 {[%clk 0:16:23]} 23. Bxd4 {[%clk 0:11:30]} 23... Nc4
{[%clk 0:15:46]} 24. Bxc4 {[%clk 0:11:00]} 24... Rxc4 {[%clk 0:15:52]} 25. Bxg7
{[%clk 0:10:40]} 25... Kxg7 {[%clk 0:16:16]} 26. Rd1 {[%clk 0:10:28]} 26... Rd8
{[%clk 0:13:01]} 27. Re3 {[%clk 0:09:34]} 27... Qg5 {[%clk 0:10:06]} 28. b3 {
[%clk 0:09:09]} 28... Rc5 {[%clk 0:10:20]} 29. Ne2 {[%clk 0:07:54]} 29... Qf6 {
[%clk 0:07:58]} 30. Nd4 {[%clk 0:07:31]} 30... Re8 {[%clk 0:05:43]} 31. Rde1 {
[%clk 0:07:00]} 31... Rce5 {[%clk 0:05:32]} 32. f3 {[%clk 0:05:30]} 32... d5 {
[%clk 0:05:18]} 33. exd5 {[%clk 0:05:02]} 33... Rxe3 {[%clk 0:03:51]} 34. Rxe3
{[%clk 0:05:30]} 34... Rxe3 {[%clk 0:02:45]} 35. Qxe3 {[%clk 0:05:59]} 35...
Bxd5 {[%clk 0:03:01]} 36. Kg1 {[%clk 0:05:53]} 36... Be6 {[%clk 0:02:03]} 37.
Kf1 {[%clk 0:04:29]} 37... Bd5 {[%clk 0:01:44]} 38. Ke2 {[%clk 0:03:22]} 38...
Qd6 {[%clk 0:01:52]} 39. Qc3 {[%clk 0:02:52]} 39... Qe5+ {[%clk 0:01:59]} 40.
Kd3 {[%clk 0:02:29]} 40... Kf6 {[%clk 0:01:36]} 41. Qc8 {[%clk 0:25:57]} 41...
Kg7 {[%clk 0:12:03]} 42. Qxa6 {[%clk 0:17:47]} 42... Qe1 {[%clk 0:09:27]} 43.
Qb6 {[%clk 0:06:55]} 43... Qd1+ {[%clk 0:06:51]} 44. Kc3 {[%clk 0:06:01]} 44...
Qe1+ {[%clk 0:06:17]} 45. Kd3 {[%clk 0:05:44]} 45... Qd1+ {[%clk 0:06:39]} 46.
Ke3 {[%clk 0:04:55]} 46... Qg1+ {[%clk 0:06:30]} 47. Kf4 {[%clk 0:03:40]} 47...
Qxg2 {[%clk 0:04:52]} 48. Ke5 {[%clk 0:02:44]} 48... Qg5+ {[%clk 0:04:15]} 49.
Kd6 {[%clk 0:03:08]} 49... Bxf3 {[%clk 0:03:17]} 50. Qxb5 1/2-1/2

[Event "DEM U14 2019"]
[Site "Willingen GER"]
[Date "2019.06.13"]
[Round "7"]
[White "Laux, Dominik"]
[Black "Chassard, Cedric"]
[Result "1/2-1/2"]
[Termination "normal"]
[Board "9"]
[WhiteElo "2061"]
[BlackElo "1772"]
[WhiteClock "00:15:57"]
[BlackClock "00:17:43"]
[PlyCount "62"]
[WhiteFideId "12994219"]
[BlackFideId "16243536"]
[EventCountry "GER"]
[EventRounds "9"]
[EventType "swiss"]
[EventDate "2019.06.08"]

1. d4 {[%clk 1:30:36]} 1... Nf6 {[%clk 1:30:57]} 2. Bg5 {[%clk 1:30:42]} 2...
d5 {[%clk 1:31:22]} 3. e3 {[%clk 1:31:04]} 3... c5 {[%clk 1:31:50]} 4. Bxf6 {
[%clk 1:31:02]} 4... gxf6 {[%clk 1:32:18]} 5. Nc3 {[%clk 1:30:15]} 5... Nc6 {
[%clk 1:32:18]} 6. Qh5 {[%clk 1:30:12]} 6... e6 {[%clk 1:30:09]} 7. Nf3 { [%clk
1:29:27]} 7... cxd4 {[%clk 1:28:01]} 8. exd4 {[%clk 1:29:29]} 8... f5 { [%clk
1:25:43]} 9. Bb5 {[%clk 1:26:48]} 9... Bd7 {[%clk 1:24:37]} 10. O-O { [%clk
1:23:33]} 10... Qf6 {[%clk 1:21:55]} 11. Rfe1 {[%clk 1:19:57]} 11... Be7 {[%clk
1:18:32]} 12. Ne5 {[%clk 1:14:25]} 12... Nxe5 {[%clk 1:15:45]} 13. Rxe5 {[%clk
1:13:25]} 13... Bxb5 {[%clk 1:14:13]} 14. Nxb5 {[%clk 1:11:16]} 14... O-O
{[%clk 1:14:20]} 15. Rae1 {[%clk 1:07:57]} 15... Rac8 {[%clk 1:04:08]} 16. Nc3
{[%clk 0:51:43]} 16... Qh4 {[%clk 1:03:16]} 17. Qd1 {[%clk 0:45:14]} 17... Bd6
{[%clk 1:03:07]} 18. g3 {[%clk 0:44:52]} 18... Qh3 {[%clk 0:55:54]} 19. R5e3
{[%clk 0:43:02]} 19... Kh8 {[%clk 0:54:14]} 20. Ne2 {[%clk 0:39:21]} 20... Rg8
{[%clk 0:51:03]} 21. Rf3 {[%clk 0:31:10]} 21... Rg6 {[%clk 0:47:23]} 22. Nf4
{[%clk 0:29:15]} 22... Bxf4 {[%clk 0:47:41]} 23. Rxf4 {[%clk 0:29:43]} 23...
Rh6 {[%clk 0:47:40]} 24. c3 {[%clk 0:29:09]} 24... Qxh2+ {[%clk 0:43:59]} 25.
Kf1 {[%clk 0:28:42]} 25... Qh1+ {[%clk 0:41:54]} 26. Ke2 {[%clk 0:29:04]} 26...
Qh5+ {[%clk 0:42:18]} 27. Rf3 {[%clk 0:26:55]} 27... Qg4 {[%clk 0:36:18]} 28.
Qa4 {[%clk 0:23:57]} 28... Rh2 {[%clk 0:21:54]} 29. Rd1 {[%clk 0:20:25]} 29...
b5 {[%clk 0:20:33]} 30. Qxa7 {[%clk 0:16:19]} 30... Qe4+ {[%clk 0:19:55]} 31.
Re3 {[%clk 0:15:57]} 31... Qg4+ {[%clk 0:17:43]} 1/2-1/2